10 größte Städte Finnland - Statistiken

Allgemein
  • Dieses Quiz wurde 20 mal gespielt
  • Das Durchschnittsergebnis liegt bei 6 aus 10
Antwortstatistiken
Einwohner Antwort % Korrekt
684.000 Helsinki
100%
206.000 Turku
94%
260.000 Tampere
88%
216.000 Oulu
82%
321.000 Espoo
71%
121.000 Lahti
65%
251.000 Vantaa
47%
149.000 Jyväskylä
29%
126.000 Kuopio
29%
83.000 Pori
24%
Keine übereinstimmenden Quizze gefunden
Verteilung der Resultate
Anzahl Personen mit jedem Resultat
Perzentil nach korrekt beantworteten Fragen
Ihre Resultats-Entwicklung
Sie haben dieses Quiz noch nicht gespielt